00334nam a22001337a 4500003000400000005001700004008004100021020001500062040000800077100001700085245002600102250001100128260006100139OSt20160803122139.0160803b xxu||||| |||| 00| 0 eng d a032101121X cN/A aBee Helen L. aLifespan development  a2nd ed aNew yorkbAddison -Wesley Education Publishers Incc1997